ბათუმის შოთა რუსთაველის სახელმწიფო უნივერსიტეტის ბიბლიოთეკა

ბაღ-პარკების მშენებლობა და ექსპლუატაცია : (ბიბ.ჩანაწერი № 50769)

000 -ლიდერი
ფიქსირებული სიგრძის საკონტროლო ველი 01071nam a2200217Ia 4500
001 - საკონტროლო ნომერი
საკონტროლო ველი 17721
003 - საკონტროლო ნომრის იდენტიფიკატორი
საკონტროლო ველი GE_BSU
005 - ბოლო ოპერაციის თარიღი და დრო
საკონტროლო ველი 20250425153307.0
008 - ფიქსირებული სიგრძის მონაცემთა ელემენტები - ზოგადი ინფორმაცია
ფიქსირებული სიგრძის საკონტროლო ველი 181216s2013||||ge |||||||||||||| ||geo||
020 ## - წიგნის საერთაშორისო სტანდარტული ნომერი
International Standard Book Number 9789941459399
040 ## - კატალოგიზაციის წყარო
Transcribing agency GE_BSU
041 ## - ენის კოდი
Language code of text/sound track or separate title geo
080 ## - უნივერსალური ათობითი კლასიფიკაციის ინდექსი
Universal Decimal Classification number 712(075.8) კ-50
100 ## - მთავარი ჩანაწერი - პიროვნების სახელი
Personal name კილაძე, რ.
9 (RLIN) 24948
245 ## - ცნობა სათაურის შესახებ
Title ბაღ-პარკების მშენებლობა და ექსპლუატაცია :
Remainder of title დამხმარე სახელმძღვანელო სატყეო და საბაღო-საპარკო მეურნეობის სპეციალობის სტუდენტებისათვის /
Statement of responsibility, etc რ.კილაძე; რედ.: ვ. ქობალია.
264 ## - წარმოების, გამოცემის, დისტრიბუციის და სხვა ცნობები
გამოცემის, წარმოების, დისტრიბუციის... ადგილი ქუთაისი :
გამოცემის, წარმოების, დისტრიბუციის... სახელწოდება აწსუ,
გამოცემის, წარმოების, დისტრიბუციის... თარიღი 2013.
300 ## - ფიზიკური აღწერა
Extent 240 გვ. ილ.22სმ.
300 ## - ფიზიკური აღწერა
Accompanying material ბიბლ.გვ.238
653 ## - INDEX TERM--UNCONTROLLED
Uncontrolled term ბაღ-პარკების მშენებლობა და ექსპლუატაცია
942 ## - ADDED ENTRY ELEMENTS (KOHA)
Koha item type წიგნი
Source of classification or shelving scheme
ეგზემპლარები
ჩამოწერის სტატუსი დაკარგული ეგზემპლარის სტატუსი კლასიფიკაციის წყარო ან თაროზე გაწყობის სქემა დაზიანების სტატუსი არ გაიცემა მუდმივი მდებარეობა (დაცვის ადგილი) ამჟამინდელი ადგილსამყოფელი თაროზე განთავსების ადგილი შეძენის თარიღი სრული შენახვის შიფრი შტრიხკოდი ბოლო ოპერაციის თარიღი ეგზემპლარის მიმდევრობითი ნომერი (კეტერი?) ფასის ძალაში შესვლის თარიღი ეგზემპლარის სახეობა
          აგრარული და მემბრანული ტექნოლოგიების ინსტიტუტის ბიბლიოთეკა აგრარული და მემბრანული ტექნოლოგიების ინსტიტუტის ბიბლიოთეკა წიგნსაცავი 2018-12-17 712(075.8) კ-50 41580 2018-12-17 41580 2018-12-17 წიგნი